00410nam a2200169Ia 4500003000400000005001700004008004000021020001800061040000700079041001200086082001600098100001900114245006000133250000700193260003200200300000800232OSt20230227115421.0210210b2002 xxu||||| |||| 00| 0 eng d a81 7288 162 2 cAL aEnglish a657.46 MEHI aMEHROTRA (H C) aIncome tax law and accounts: assessment year 2002-2003  a39 aAgra.bSahitya Bhavanc2002 a775